Music Quiz

Random Music or Song Quiz

Beatles Songs: First Words Quiz Stats

 Plays Quiz Updated Aug 5, 2015

Challenge
Share
Tweet
Embed
Score 0/34 Timer 06:00
2 Plays Today
% Correct
It's
93.4%
When
83.6%
Jojo
79.6%
Desmond
75%
Picture
73%
He's
67.8%
In
65.4%
You
64.8%
What
64.4%
Well
60.3%
I
58.9%
There
55.3%
Flew
55.2%
Try
54.6%
Here
46.3%
It
46.3%
Let
45.2%
% Correct
Baby's
44%
Words
42.3%
Love
42.1%
Roll
41.3%
Asked
40.8%
Wednesday
39.1%
Day
36.9%
Standing
35.8%
Got
33.4%
Last
31.7%
She's
28.2%
There's
25%
Your
23.8%
Turn
23%
To
22.9%
How
22.6%
We
20.8%

You're not logged in!

Compare scores with friends on all Sporcle quizzes.
Join for Free
OR
Log In

You Might Also Like...

Show Comments

Extras

Top Quizzes Today


Score Distribution

Your Account Isn't Verified!

In order to create a playlist on Sporcle, you need to verify the email address you used during registration. Go to your Sporcle Settings to finish the process.

Report this User

Report this user for behavior that violates our Community Guidelines.

Details: